000 00600nam a2200193Ia 4500
003 GCL
008 140319s9999 xx 000 0 ara d
040 _aGCL /
_cGCL
082 0 4 _a818
_bس ا
100 1 _aسيد صديق عبدالفتاح
245 1 0 _aاسرار الجمال بين الاقوال والحكم والامثال /
_cسيد صديق عبدالفتاح
260 _a[S.N] :
_bالدار المصرية اللبنانية ،
_c1990
300 _a300 ص
490 _a
650 0 4 _aالادب العربى
650 0 4 _aالنقد
650 0 4 _aامثال
942 _2ddc
_cBK
999 _c36068
_d36068